The man who made the millennium / (Record no. 9877)

MARC details
000 -LEADER
fixed length control field 00568nam a22001937a 4500
003 - CONTROL NUMBER IDENTIFIER
control field GBCCL
005 - DATE AND TIME OF LATEST TRANSACTION
control field 20241126110720.0
008 - FIXED-LENGTH DATA ELEMENTS--GENERAL INFORMATION
fixed length control field 230809b ||||| |||| 00| 0 eng d
020 ## - INTERNATIONAL STANDARD BOOK NUMBER
International Standard Book Number 9780852344484,
020 ## - INTERNATIONAL STANDARD BOOK NUMBER
International Standard Book Number 0852344481
040 ## - CATALOGING SOURCE
Transcribing agency GBC
082 ## - DEWEY DECIMAL CLASSIFICATION NUMBER
Classification number 269.2
Item number BLA
245 ## - TITLE STATEMENT
Title The man who made the millennium /
Statement of responsibility, etc. John Blanchard
260 ## - PUBLICATION, DISTRIBUTION, ETC.
Place of publication, distribution, etc. Darlington, U.K.,
Name of publisher, distributor, etc. Evangelical Press,
Date of publication, distribution, etc. 2000
650 ## - SUBJECT ADDED ENTRY--TOPICAL TERM
Topical term or geographic name entry element Evangelistic literature
9 (RLIN) 17180
650 ## - SUBJECT ADDED ENTRY--TOPICAL TERM
Topical term or geographic name entry element Millennium (Eschatology)
9 (RLIN) 2062
650 ## - SUBJECT ADDED ENTRY--TOPICAL TERM
Topical term or geographic name entry element Millennium 2000
Form subdivision Religious aspects
9 (RLIN) 17181
942 ## - ADDED ENTRY ELEMENTS (KOHA)
Source of classification or shelving scheme Dewey Decimal Classification
Koha item type Books
Holdings
Withdrawn status Lost status Source of classification or shelving scheme Damaged status Not for loan Home library Current Library Shelving location Date acquired Total checkouts Full call number Barcode Date last seen Copy number Price effective from Koha item type
    Dewey Decimal Classification     GRACE BIBLE COLLEGE GRACE BIBLE COLLEGE Ministry & Mission 2023-08-09   269.2 BLA 020435 2025-05-01 c.1 2023-08-09 Books
© Grace Bible College Library 2025